<?xml version="1.0" encoding="UTF-8"?>
<record
    xmlns:xsi="http://www.w3.org/2001/XMLSchema-instance"
    xsi:schemaLocation="http://www.loc.gov/MARC21/slim http://www.loc.gov/standards/marcxml/schema/MARC21slim.xsd"
    xmlns="http://www.loc.gov/MARC21/slim">

  <leader>00810na  a2200241   4500</leader>
  <controlfield tag="001">18531</controlfield>
  <controlfield tag="003">MIRAKIL</controlfield>
  <controlfield tag="005">20181213155038.0</controlfield>
  <controlfield tag="008">161121b        tu            000 0      </controlfield>
  <datafield tag="040" ind1=" " ind2=" ">
    <subfield code="a">Milas</subfield>
    <subfield code="b">tur</subfield>
    <subfield code="c">TR-AnCHP</subfield>
  </datafield>
  <datafield tag="041" ind1=" " ind2=" ">
    <subfield code="a">tur</subfield>
  </datafield>
  <datafield tag="082" ind1=" " ind2=" ">
    <subfield code="a">338.90293326 </subfield>
    <subfield code="b">B37i 2003</subfield>
  </datafield>
  <datafield tag="090" ind1=" " ind2=" ">
    <subfield code="a">338.90293326 B37i 2003</subfield>
  </datafield>
  <datafield tag="111" ind1=" " ind2=" ">
    <subfield code="a">Be&#x15F; Y&#x131;ll&#x131;k Kalk&#x131;nma Plan&#x131;</subfield>
    <subfield code="d">2001-2005</subfield>
    <subfield code="n">8.</subfield>
  </datafield>
  <datafield tag="245" ind1=" " ind2=" ">
    <subfield code="a">2003 Y&#x131;l&#x131; yat&#x131;r&#x131;m program&#x131;</subfield>
    <subfield code="c">Devlet Planlama Te&#x15F;kilat&#x131; (DPT) </subfield>
  </datafield>
  <datafield tag="260" ind1=" " ind2=" ">
    <subfield code="a">Ankara</subfield>
    <subfield code="b">[DPT]</subfield>
    <subfield code="c">2003</subfield>
  </datafield>
  <datafield tag="300" ind1=" " ind2=" ">
    <subfield code="a">252 s.</subfield>
    <subfield code="b">tbl.;</subfield>
    <subfield code="c">23 sm.</subfield>
  </datafield>
  <datafield tag="610" ind1=" " ind2=" ">
    <subfield code="a">Devlet Planlama Te&#x15F;kilat&#x131; (DPT)</subfield>
    <subfield code="x">Kalk&#x131;nma planlar&#x131;</subfield>
  </datafield>
  <datafield tag="650" ind1=" " ind2=" ">
    <subfield code="a">Kalk&#x131;nma plan&#x131;</subfield>
    <subfield code="d">2001-2005</subfield>
    <subfield code="x">yat&#x131;r&#x131;m programlar&#x131;, 2003</subfield>
  </datafield>
  <datafield tag="651" ind1=" " ind2=" ">
    <subfield code="a">T&#xFC;rkiye</subfield>
    <subfield code="x">Be&#x15F; y&#x131;ll&#x131;k kalk&#x131;nma planlar&#x131;</subfield>
  </datafield>
  <datafield tag="710" ind1=" " ind2=" ">
    <subfield code="a">Devlet Planlama Te&#x15F;kilat&#x131; (DPT)</subfield>
  </datafield>
  <datafield tag="942" ind1=" " ind2=" ">
    <subfield code="2">ddc</subfield>
    <subfield code="c">BKS</subfield>
  </datafield>
  <datafield tag="952" ind1=" " ind2=" ">
    <subfield code="a">0001</subfield>
    <subfield code="b">0001</subfield>
    <subfield code="d">2016-11-21</subfield>
    <subfield code="e">2</subfield>
    <subfield code="l">0</subfield>
    <subfield code="o">338.90293326 B37i 2003</subfield>
    <subfield code="p">009903</subfield>
    <subfield code="r">2016-11-21 00:00:00</subfield>
    <subfield code="v">0.00</subfield>
    <subfield code="w">2016-11-21</subfield>
    <subfield code="y">BKS</subfield>
  </datafield>
  <datafield tag="952" ind1=" " ind2=" ">
    <subfield code="a">0001</subfield>
    <subfield code="b">0001</subfield>
    <subfield code="d">2016-11-21</subfield>
    <subfield code="e">2</subfield>
    <subfield code="l">0</subfield>
    <subfield code="o">338.90293326 B37i 2003</subfield>
    <subfield code="p">009904</subfield>
    <subfield code="r">2016-11-21 00:00:00</subfield>
    <subfield code="t">k.2</subfield>
    <subfield code="v">0.00</subfield>
    <subfield code="w">2016-11-21</subfield>
    <subfield code="y">BKS</subfield>
  </datafield>
  <datafield tag="952" ind1=" " ind2=" ">
    <subfield code="a">0001</subfield>
    <subfield code="b">0001</subfield>
    <subfield code="d">2016-11-21</subfield>
    <subfield code="e">2</subfield>
    <subfield code="l">0</subfield>
    <subfield code="o">338.90293326 B37i 2003</subfield>
    <subfield code="p">009905</subfield>
    <subfield code="r">2016-11-21 00:00:00</subfield>
    <subfield code="t">k.3</subfield>
    <subfield code="v">0.00</subfield>
    <subfield code="w">2016-11-21</subfield>
    <subfield code="y">BKS</subfield>
  </datafield>
  <datafield tag="999" ind1=" " ind2=" ">
    <subfield code="c">5511</subfield>
    <subfield code="d">5511</subfield>
  </datafield>
</record>
